REŤAZCE

Bibliographic Details
Main Author: Mihály, Eduard (Author)
Format: Article
Language:Slovak

MARC

LEADER 00000nab a2200000 a 4500
001 vtls010732112
003 SK-MaSNL
005 20260304193904.0
008 250709s1995 xo |||||||||||||||||slo|
035 |a (urnnbn)urn:nbn:sk:snk:ar-a05bib 
035 |a (uuid)d83e53fd-9a86-47de-a2d8-46aa56e141d0 
035 |a urn:nbn:sk:snk-ab3ui6 
040 |a SNKBUCL  |b slo  |c SNKBUCL  |e AACR2 
041 0 |a slo 
044 |a xo  |c SK 
100 1 |a Mihály, Eduard  |4 aut  |9 162068 
245 1 0 |a REŤAZCE  |c Eduard Mihály 
773 0 |t PC revue : sprievodca digitálnym svetom  |g Roč. 3, č. 3 (1995), s. 53-54 
850 |a Slovenská národná knižnica 
852 |a Slovenská národná knižnica 
954 |a odborná, vedecká literatúra pôvodná (slovenská)  |2 lita 
958 |a article1 
958 |a OND 
958 |a EUIPO 
999 |c 3070139  |d 3072069